| 000 | 00516nam a2200181 4500 | ||
|---|---|---|---|
| 001 | 136819 | ||
| 003 | ES-MaACL | ||
| 005 | 20230906195233.0 | ||
| 007 | t| | ||
| 008 | 070214s1968 sp r ||||1| spa d | ||
| 100 | 1 |
_aSajer, Guy. _9101632 |
|
| 245 | 1 | 3 |
_aEl soldado olvidado / _cGuy Sajer ; [traducción de Domingo Pruna]. |
| 250 | _a1ª ed. | ||
| 260 |
_aBarcelona [etc.] : _bPlaza & Janés, _c1968. |
||
| 300 |
_a590 p. ; _c22 cm. |
||
| 700 | 1 |
_aPruna, Domingo. _994081 |
|
| 852 |
_aES-MaACL _jC-35542 _bR.68401 |
||
| 999 |
_c136819 _d136819 |
||